El análisis lineal en la teoría económica / (Record no. 20440)

000 -CABECERA
fixed length control field 00863nam a22002297a 4500
003 - IDENTIFICADOR DEL NÚMERO DE CONTROL
control field AR-CdUCM
008 - DATOS DE LONGITUD FIJA--INFORMACIÓN GENERAL
fixed length control field 190530b ||||| |||| 00| 0 spa d
020 ## - NÚMERO INTERNACIONAL ESTÁNDAR DEL LIBRO
ISBN 0132469340
040 ## - FUENTE DE LA CATALOGACIÓN
Agencia/entidad que catalogó originalmente la obra MUNICIPALIDAD PROVINCIAL DEL CUSCO
Entidad que transcribió la catalogación BIBLIOTECA MUNICIPAL DEL CUSCO
082 ## - NÚMERO DE LA CLASIFICACIÓN DECIMAL DEWEY
No. de Clasificación 507 /
Notacion interna V25
100 ## - ENTRADA PRINCIPAL--NOMBRE DE PERSONA
Nombre Personal Vandermeulen, Daniel C.
245 ## - MENCIÓN DE TÍTULO
Título El análisis lineal en la teoría económica /
260 ## - PUBLICACIÓN, DISTRIBUCIÓN, ETC.
Lugar de publicación, distribución, etc. Bogotá :
Nombre de la editorial, distribuidor, etc. prentice/Hall internacional,
Fecha de publicación, distribución, etc. 1973.
300 ## - DESCRIPCIÓN FÍSICA
Nº de Páginas Extensión 521 páginas ;
Otros detalles físicos Gráficos
Dimensiones 25 cm
505 ## - NOTA DE CONTENIDO CON FORMATO
Nota de contenido formateada Contenido : Las técnicas de programación lineal aplicadas a la teoría de la firma -- Modelos económicos de la firma -- Teoria del consumidor...
650 ## - PUNTO DE ACCESO ADICIONAL DE MATERIA--TÉRMINO DE MATERIA
Descriptor Ecuaciones lineales
9 (RLIN) 23669
650 ## - PUNTO DE ACCESO ADICIONAL DE MATERIA--TÉRMINO DE MATERIA
Descriptor Geometría
9 (RLIN) 18656
650 ## - PUNTO DE ACCESO ADICIONAL DE MATERIA--TÉRMINO DE MATERIA
Descriptor Teoria del consumidor
9 (RLIN) 42739
700 ## - PUNTO DE ACCESO ADICIONAL--NOMBRE DE PERSONA
Nombre Personal Ferrero, Fernando
9 (RLIN) 42740
942 ## - ELEMENTOS DE PUNTO DE ACCESO ADICIONAL (KOHA)
Fuente de clasificación
Tipo de item Libros-BMC
945 ## - PROCESAMIENTO DE INFORMACIÓN LOCAL (OCLC)
Catalogador rcc
Holdings
Estado de retiro (separado) Fuente de clasificación o esquema de estanterías Estado dañado Ubicación Sala donde se ubica Nombre de la colección Fecha de adquisición o compra Costo, precio normal en soles Signatura topográfica Código de Barras Última vez visto (Koha) Tipo de ítem (Koha)
No     Sala Ciencias Sala Ciencias Book Cart 2019-05-30 25.00 507 / V25 SC0000002017 2019-05-30 Libros-BMC

Powered by Koha